Nếu còn có ngày mai; T1 = If tomorrow comes

Enregistré dans:
Détails bibliographiques
Auteur principal: Sidney Sheldon
Format: Livre
Langue:Undetermined
Publié: Hà Nội Văn Nghệ 1996
Sujets:
Tags: Ajouter un tag
Pas de tags, Soyez le premier à ajouter un tag!
Thư viện lưu trữ: Trung tâm Học liệu Trường Đại học Cần Thơ
LEADER 00564nam a2200181Ia 4500
001 CTU_27492
008 210402s9999 xx 000 0 und d
082 |a 813.5 
082 |b S544/T1 
100 |a Sidney Sheldon 
245 0 |a Nếu còn có ngày mai; T1 
245 0 |b = If tomorrow comes 
245 0 |c Sidney Sheldon, Nguyễn Bá Long 
260 |a Hà Nội 
260 |b Văn Nghệ 
260 |c 1996 
650 |a american fiction ( vietnamese ),american literature - 20th century 
980 |a Trung tâm Học liệu Trường Đại học Cần Thơ